00500 2200217 4500001002100000005001500021035002000036007000300056008004100059020002200100082000800122084001400130100001500144245002900159250001000188260003000198300002200228650001000250990001100260990001100271INLIS00000000000126520180116094432 a0010-0118000083ta180116 g 1 ind  a978-602-8535-22-9 a813 a813 PUR g0 aPurawan FA1 aGaruda 5 :bUtusan Iblis aCet.1 aSolo :bTigaKelana,c2009 a702hlm ;c14x21cm aFiksi a5513 a a5513 b